|
|
|
|
| LEADER |
00000nam0a2200000 4500 |
| 001 |
143064 |
| 005 |
20231031142957.0 |
| 035 |
|
|
|a (RuTPU)RU\TPU\book\155026
|
| 090 |
|
|
|a 143064
|
| 100 |
|
|
|a 20080915d1979 km y0rusy50 ca
|
| 101 |
0 |
|
|a rus
|
| 102 |
|
|
|a RU
|
| 105 |
|
|
|a a z 001zy
|
| 200 |
1 |
|
|a Моделирование заряженных пучков
|f А. С. Рошаль
|
| 210 |
|
|
|a Москва
|c Атомиздат
|d 1979
|
| 215 |
|
|
|a 224 с.
|c ил.
|
| 320 |
|
|
|a Библиогр.: с. 217-220.
|
| 320 |
|
|
|a Предметно-алфавитный указатель: с. 222.
|
| 610 |
1 |
|
|a моделирование
|
| 610 |
1 |
|
|a заряженные пучки
|
| 610 |
1 |
|
|a элементарные частицы
|
| 610 |
1 |
|
|a пучки
|
| 610 |
1 |
|
|a математическое моделирование
|
| 610 |
1 |
|
|a динамика
|
| 610 |
1 |
|
|a макрочастицы
|
| 610 |
1 |
|
|a уравнения Пуассона
|
| 610 |
1 |
|
|a моделирование
|
| 610 |
1 |
|
|a распределение
|
| 610 |
1 |
|
|a построение моделей
|
| 675 |
|
|
|a 539.121.8
|v 3
|
| 700 |
|
1 |
|a Рошаль
|b А. С.
|g Анатолий Самуилович
|
| 801 |
|
1 |
|a RU
|b 63413507
|c 20080915
|g PSBO
|
| 801 |
|
2 |
|a RU
|b 63413507
|c 20210210
|g PSBO
|
| 942 |
|
|
|c BK
|